| 000 | 01424nam0a2200337 4500 | ||
|---|---|---|---|
| 001 | RU\NLR\bibl\434635 | ||
| 005 | 20260406022001.0 | ||
| 010 |
_a5-7107-7016-7 _95000 |
||
| 021 |
_aRU _b2003-42742 _92031 |
||
| 035 | _a(NLR Aleph) 000428453 | ||
| 090 |
_a739407 _c739407 |
||
| 100 | _a20030909d2003 |||y0rusy50 ca | ||
| 101 | 0 | _arus | |
| 102 | _aRU | ||
| 105 | _aa ||||||||| | ||
| 200 | 1 |
_aГеография _e6-11 кл. _eМетод. пособие _f[А.И. Даньшин и др.] _gПод ред. О.А. Климановой, А.С. Наумова |
|
| 205 | _a2-е изд., стер. | ||
| 210 |
_aМ. _cДрофа _d2003 |
||
| 215 |
_a205,[1] с. _cил. _d22 |
||
| 225 | 1 | _aШкольные олимпиады | |
| 320 | _aБиблиогр. в конце кн. | ||
| 606 | 0 |
_aОлимпиады школьные по географии _91357284 _3RU\NLR\auth\66252965 |
|
| 606 | 0 |
_aГеография _jМетодические пособия _xОлимпиады школьные _92264772 _3RU\NLR\auth\661357712 |
|
| 686 | _aЧ426.43-382.61 | ||
| 702 | 1 |
_aДаньшин _bА. И. _gАлександр Иванович _4220 |
|
| 702 | 1 |
_4340 _7ca _8rus _aКлиманова _bО. А. _cд-р геогр. наук _f1972- _gОксана Александровна _9106455 _3RU\NLR\auth\77123530 |
|
| 801 | 0 |
_aRU _bNLR _c20030909 _gPSBO |
|
| 801 | 1 |
_aRU _bNLR _c20030909 |
|
| 942 | _cBOOK | ||
| 980 | _aNB | ||